Tratado de sueroterapia y de terapéutica experimental : manual para los clínicos y médicos prácticos / (Record no. 133542)

MARC details
000 -LEADER
campo de control de longitud fija 00950nam a2200229 i 4500
001 - NÚMERO DE CONTROL
campo de control 133542
003 - IDENTIFICADOR DE NÚMERO DE CONTROL
campo de control ES-MaACL
005 - FECHA Y HORA DE LA ÚLTIMA TRANSACCIÓN
campo de control 20251015170207.0
007 - CAMPO FIJO DE DESCRIPCIÓN FÍSICA--INFORMACIÓN GENERAL
campo de control de longitud fija t|
008 - DATOS DE LONGITUD FIJA--INFORMACIÓN GENERAL
campo de control de longitud fija 070820q1910 sp ||||1| spa d
100 1# - ENTRADA PRINCIPAL--NOMBRE DE PERSONA
Nombre de persona Wolff-Eisner, Alfred.
9 (RLIN) 117268
245 10 - MENCIÓN DEL TÍTULO
Título Tratado de sueroterapia y de terapéutica experimental : manual para los clínicos y médicos prácticos /
Mención de responsabilidad, etc. publicado bajo la dirección del Dr. Wolff-Eisner ; con la colaboración de F. Blumenthal ... [et al.] ; traducción directa del alemán por... García del Real.
260 ## - PUBLICACIÓN, DISTRIBUCIÓN, ETC.
Lugar de publicación, distribución, etc. Madrid :
Nombre del editor, distribuidor, etc. Calleja,
Fecha de publicación, distribución, etc. [1910?]
300 ## - DESCRIPCIÓN FÍSICA
Extensión 450 p. ;
Dimensiones 25 cm.
490 1# - MENCIÓN DE SERIE
Mención de serie Biblioteca de ciencias médicas. 2. Tercera serie
650 14 - PUNTO DE ACCESO ADICIONAL DE MATERIA--TÉRMINO DE MATERIA
Término de materia o nombre geográfico como elemento de entrada Seroterapia.
9 (RLIN) 17057
700 0# - ENTRADA AGREGADA--NOMBRE PERSONAL
Nombre de persona García del Real, Eduardo,
Fechas asociadas al nombre 1870-1946
9 (RLIN) 54523
700 1# - ENTRADA AGREGADA--NOMBRE PERSONAL
Nombre de persona Blumenthal, Ferdinand.
9 (RLIN) 29592
830 00 - PUNTO DE ACCESO ADICIONAL DE SERIE-TÍTULO UNIFORME
Título uniforme Biblioteca de ciencias médicas
9 (RLIN) 229552
852 ## - LOCALIZACIÓN
Ubicación ES-MaACL
Número de control de estantería F-2424
Holdings
Estatus retirado Estado de pérdida Estado de daño No para préstamo Biblioteca de origen Biblioteca actual Ubicación en estantería Fecha de adquisición Fuente de adquisición Total de préstamos Signatura topográfica completa Código de barras Visto por última vez Precio de reemplazo Tipo de ítem Koha
        Biblioteca del Ateneo de Madrid Biblioteca del Ateneo de Madrid Depósito 2 17/01/2008     F-2424 1139020 23/02/2023 23/02/2023 Libro impreso